000 00686nam a2200241Ia 4500
003 OSt
005 20221006143007.0
006 a|||||r|||| 00| 0
007 ta
008 221006b |||||||| |||| 00| 0 eng d
024 _a7,746
037 _bGift, Japan Foundation
_cTextual
040 _aEASL
_cEASL
_beng
041 _2eng
_aeng
082 _aY:4.42.N90, N1
100 _aBAYLEY David H
245 0 _aFroces of Order
_b Policing modern Japan
260 _aBerkeley
_bUniversity of California
_c1991
300 _a193p.
_ccm.
490 _v JEL
942 _hY:4.42.N90, N1
_cTEXL
_2CC
999 _c1075832
_d1075832